00259nam a2200097Ia 4500008004100000082001200041100001400053245007900067260000600146300000900152190415s9999 xx 000 0 und d aRR.009; aRay, S.K. 0aChanges in agriculture in the eastern and western regions of Uttar Pradesh c0 a66p.